Statistics for Countries in Europe with the highest Obesity

Click here to take the quiz!

General Stats

  • This quiz has been taken 50 times
  • The average score is 12 of 15

Answer Stats

Obesity RateCountries% Correct
27.8%United Kingdom
98%
24.9%Greece
94%
26.4%Hungary
88%
25.3%Ireland
88%
26.3%Lithuania
85%
24.4%Croatia
85%
23.8%Spain
85%
23.6%Latvia
83%
26.0%Czech Republic
81%
25.0%Bulgaria
81%
24.5%Belarus
79%
24.1%Ukraine
79%
28.9%Malta
77%
25.6%Andorra
63%
23.3%Montenegro
60%

Score Distribution

Percentile by Number Answered

Percent of People with Each Score

Your Score History

You have not taken this quiz